Automatizovaný systém VTEI pre ekonómiu a ekonomiku v ČSSR

Saved in:
Bibliographic Details
Main Author: Kimlička, Štefan
Other Authors: Procházka, Boris
Format: Book
Language:Slovak
Published: Bratislava Ústredná ekonomická knižnica 1975
Edition:1. vyd.
Tags: Add Tag
No Tags, Be the first to tag this record!

MARC

LEADER 00000nam a2200000 4500
001 c035286
005 20221220101402.9
041 0 |a slo 
044 |a SK 
245 1 0 |a Automatizovaný systém VTEI pre ekonómiu a ekonomiku v ČSSR  |c Štefan Kimlička, Boris Procházka 
250 |a 1. vyd. 
264 1 |a Bratislava  |b Ústredná ekonomická knižnica  |c 1975 
300 |a 71 s. 
100 1 |a Kimlička, Štefan 
700 1 |a Procházka, Boris